[Event "Veneto Province-ch qf 82nd"]
[Site "Ceregnano"]
[Date "2023.05.28"]
[Round "4.8"]
[White "De Marco, Leonardo"]
[Black "De Bortoli, Francesco"]
[Result "1-0"]
[WhiteElo "1541"]
[BlackElo "1894"]
[PlyCount "119"]
[EventDate "2023.05.26"]
[EventType "swiss"]
[EventRounds "5"]
[EventCountry "ITA"]
[SourceTitle "EXT 2024"]
[Source "ChessBase"]
[SourceDate "2023.10.10"]
[SourceVersion "1"]
[SourceVersionDate "2023.10.10"]
[SourceQuality "1"]

1. e4 c5 2. Nf3 d6 3. d4 cxd4 4. Nxd4 Nf6 5. Nc3 g6 6. f3 a6 7. Be3 b5 8. Qd2 Bb7 9. Bh6 Nbd7 10. a3 Bxh6 11. Qxh6 Rc8 12. 0-0-0 Rxc3 13. bxc3 Qa5 14. Kb2 Nc5 15. Qd2 Na4+ 16. Ka2 Qxc3 17. Qc1 0-0 18. Qa1 Rc8 19. Bd3 Qc5 20. Ne2 Nd7 21. Rc1 Ne5 22. Qd4 Nc3+ 23. Qxc3 Qxc3 24. Nxc3 Rxc3 25. Kb2 Rc5 26. Rhe1 Kg7 27. f4 Nc4+ 28. Ka2 e5 29. g3 f6 30. Rcd1 Nb6 31. Kb3 Kf8 32. c3 Ke7 33. Rc1 Nc4 34. Ra1 Rc7 35. a4 d5 36. axb5 axb5 37. exd5 Bxd5 38. Kb4 Nb2 39. Bxb5 e4 40. Rab1 Nc4 41. Rbd1 Ke6 42. Rxd5 Kxd5 43. Rd1+ Ke6 44. Bxc4+ Kf5 45. h3 g5 46. Rd5+ Kg6 47. f5+ Kh5 48. Rd4 Re7 49. Be6 e3 50. Re4 Rb7+ 51. Ka3 e2 52. Rxe2 g4 53. hxg4+ Kxg4 54. Re3 Rb1 55. c4 h5 56. Rc3 Rb7 57. c5 Rc7 58. c6 h4 59. gxh4 Kxh4 60. Kb4 1-0